000 00293nam a22000977a 4500
005 20250901165244.0
008 210301b ||||| |||| 00| 0 eng d
050 _aQC975 .M56
245 _aThe nature of light & colour in the open air
_cMINNAERT, M.
942 _2lcc
_hQC975 .M56 1954
999 _c1097
_d1097